000 00479nam a2200169Ia 4500
008 230718s9999 xx 000 0 und d
020 _a9789383260027
041 _aeng
082 _a355.12
_bMAT
100 _aMathur K.A.
_9195447
245 _aSoldier And Spice
_bAn Army Wife's Life Flat - Track Bullies
260 _c2013
_bWestland
300 _a253
365 _cRs.
_b250.00
700 _aMathur K.A.
_9195447
906 _dO:0366421-Jan-2014B:423101-Oct-2013
_cGENRL
_b55
999 _c334846
_d334846